| 000 | 00000nam##2200000za#4500 |
| 001 | 9.630678 |
| 003 | CaOODSP |
| 005 | 20210624213944 |
| 007 | cr ||||||||||| |
| 008 | 150407|2001||||xxc|||||o f|0| 0 fre|d |
| 020 | |a0-662-85885-9 |
| 040 | |aCaOODSP|bfre |
| 043 | |an-cn--- |
| 086 | 1 |aEn40-636/1-2001F-PDF |
| 110 | 1 |aCanada.|bEnvironnement Canada. |bRégion de l'Atlantique. |
| 245 | 10|aÉvaluations environnementales des projets conchylicoles : |h[ressource électronique]|blignes directrices pour la considération d'information expert d'Environnement Canada / |cDirection de la protection de l'environnement, Division de la prévention de la pollution, Section de l'évaluation environnementale. |
| 250 | |aVersion 1 |
| 260 | |aDartmouth - Nouvelle-Écosse : |bEnvironnement Canada. |cJuin 2001. |
| 300 | |a27p.|bréférences, tableaux |
| 500 | |aLe n° de catalogue (En40-636/1-2001F) et l'ISBN (0-662-85877-8) de l'édition imprimée ont été incorrectement copiés dans la version électronique. |
| 590 | |a12-21-Supp|b2012-05-18 |
| 691 | 07|aAquaculture|2gcpds |
| 691 | 07|aÉvaluation environnementale|2gcpds |
| 691 | 07|aFruits de mer|2gcpds |
| 691 | 07|aLignes directrices|2gcpds |
| 775 | 08|tEnvironmental assessment of shellfish aquaculture projects : |w(CaOODSP)9.686163 |
| 776 | 0#|tÉvaluations environnementales des projets conchylicoles : |w(CaOODSP)9.681513 |
| 776 | 0#|tEnvironmental assessment of shellfish aquaculture projects : |w(CaOODSP)9.648190 |
| 856 | 40|ahttp://publications.gc.ca|qPDF|s329 Ko|uhttps://publications.gc.ca/collections/collection_2012/ec/En40-636-1-2001-fra.pdf |